Whole-life costs (Record no. 75087)

MARC details
000 -LEADER
fixed length control field 00892cab a2200181 4500
001 - CONTROL NUMBER
control field L129362
008 - FIXED-LENGTH DATA ELEMENTS--GENERAL INFORMATION
fixed length control field 050414n2005 000 0 eng u
035 ## - SYSTEM CONTROL NUMBER
System control number (Sirsi) u129362
041 ## - LANGUAGE CODE
Language code of text/sound track or separate title eng
100 ## - MAIN ENTRY--PERSONAL NAME
Personal name Weight, David
245 ## - TITLE STATEMENT
Title Whole-life costs
260 ## - PUBLICATION, DISTRIBUTION, ETC.
Date of publication, distribution, etc. 2005
490 ## - SERIES STATEMENT
Series statement Building
Volume/sequential designation 279(8373) 18 March 2005, 78-83(6)
520 ## - SUMMARY, ETC.
Summary, etc. The first in a series of articles on cost modelling and morphology. Uses a cost model to integrate capital, energy and maintenance costs to consider whole-life costs of primary schools in response to recent advancements of school design. Includes different scenarios on capital and energy costs such as the expense involved in the increase in ceiling height and glazing and the repair and maintenance costs in adding another floor and reducing the footprint.
590 ## - LOCAL NOTE (RLIN)
Local note IKA150405
690 ## - LOCAL SUBJECT ADDED ENTRY--TOPICAL TERM (OCLC, RLIN)
Topical term or geographic name as entry element BUILT ENVIRONMENT-BUILDING COSTS
942 ## - ADDED ENTRY ELEMENTS (KOHA)
Suppress in OPAC 0
Holdings
Withdrawn status Lost status Source of classification or shelving scheme Damaged status Not for loan Home library Current library Shelving location Date acquired Total Checkouts Full call number Barcode Date last seen Copy number Price effective from Koha item type
    Dewey Decimal Classification     London London Journal article 14/04/2005   L129362 129362-1001 06/08/2019 1 06/08/2019 Journal article